| 000 | 00513nam a22001697a 4500 | ||
|---|---|---|---|
| 005 | 20251108165801.0 | ||
| 008 | 250721s2000 xx 000 0 ara d | ||
| 082 | 1 | 4 | _aم/415/سام |
| 100 | 1 | _aالسامرائي، فاضل صالح | |
| 245 | 1 | 0 | _aمعاني النحو / |
| 264 | 1 |
_aعمان : _bدار الفكر للطباعة و النشر و التوزيع، _c2000. |
|
| 300 | _a4ج. | ||
| 650 | 1 | 7 | _aاللغة العربية |
| 650 | 1 | 7 | _aقواعد اللغة |
| 942 |
_2ddc _cREF |
||
| 999 |
_c31224 _d31224 |
||